50 Biggest Cities of the Americas in 1800 with a Map - Statistics

General Stats
  • This quiz has been taken 2,258 times
  • The average score is 30 of 50
Answers on the Map
Answers color-coded by a green-red scale on the quiz's map according to % correct below.
 
Answer Stats
Population Cities % Correct
60k New York City
99%
128k Mexico City
98%
25k Boston
97%
60k Havana
97%
44k Rio de Janeiro
95%
54k Lima
94%
21k Bogotá
93%
25k Montreal
93%
41k Philadelphia
93%
34k Buenos Aires
91%
21k Santiago de Chile
91%
19k Santiago de Cuba
91%
30k Caracas
90%
27k Kingston
89%
30k Quito
87%
26k Baltimore
86%
16k Quebec City
86%
15k Saint-Domingue
85%
15k Montevideo
84%
31k Guadalajara
80%
22k La Paz
80%
25k Guatemala City
75%
18k Charleston
71%
16k Sucre
68%
31k Recife
67%
43k Salvador
65%
34k Cuzco
64%
23k Guayaquil
64%
65k Puebla
57%
22k Maracaibo
53%
28k Mérida
51%
16k Cartagena
49%
15k Veracruz
44%
16k León
42%
25k Oaxaca
39%
26k Arequipa
37%
22k Cochabamba
29%
25k Potosí
28%
18k Querétaro
23%
19k Puerto Principe
21%
15k Cap‑Français
19%
18k Valladolid
17%
15k Cuenca
16%
33k Zacatecas
15%
15k Xalapa
13%
53k Guanajuato
12%
25k Huamanga
9%
20k Vila Rica
7%
18k Riobamba
6%
20k Real de Catorce
2%
No matching quizzes found
Score Distribution
Percent of People with Each Score
Percentile by Number Answered
Your Score History
You have not taken this quiz